00610nam a22001697a 4500003000900000008004100009020000900050040007100059082001900130100002000149245003900169260003200208300004400240505011000284650002100394650002500415AR-CdUCM190305b ||||| |||| 00| 0 esp d aISBN aMUNICIPALIDAD PROVINCIAL DEL CUSCOcBIBLIOTECA MUNICIPAL DEL CUSCO a839.709 /bB73 aBoor, Helmut de aLiteratura sueca /cHelmut de Boor aBarcelona : bLabor,c1931. a164 paginas ;c19 cm.b10 ilustraciones aAntigüedad y edad media -- La reforma y el periodo de esplendor político de Suecia --Romanticismo ... aLiteratura sueca aHistoria y crítica